Administración de personal y legislación social /

Guardado en:
Autor Principal: Kechichian, Roberto N.
Formato: Libro
Publicado: Buenos Aires : Braga, 1993
Materias:
Etiquetas: Agregar Etiqueta
Sin Etiquetas, Sea el primero en etiquetar este registro!
LEADER 00976nam a22001935a 4500
001 CEM.cems013240
005 20091214122019.0
008 130507s1993##################000#0#####d
003 CEMS
020 |a 9507550860 
082 0 4 |a 658.3 
100 1 |a Kechichian, Roberto N. 
245 1 0 |a Administración de personal y legislación social /  |c Roberto N. Kechichian 
260 |a Buenos Aires :  |b  Braga,  |c 1993 
300 |a 278 p. 
505 0 |a Trabajo. Empresa -- Requerimientos básicos de empleo -- Selección de personal -- Relación empleador-empleado -- Legislación social -- Contrato de trabajo -- Duración del trabajo. Salubridad -- Trabajo de mujeres y menores -- Remuneración del trabajador -- Accidentes de trabajo -- Extinción del contrato de trabajo -- Asociaciones profesionales -- Conflictos de trabajo -- Seguridad social 
653 |a Administración de empresas 
653 |a Administración de personal 
859 |a CEMS  |b BIB. CEMS - 11 de abril  |h 658.3  |i K233  |p 25735.09  |t Ej.1